[Event "Mundial Juvenil 2005 s12"]
[Site "Belfort FRA"]
[Date "2005.07.19"]
[Round "1.9"]
[White "Driz, Ivan"]
[Black "Mihok, Oliver"]
[Result "0-1"]
[WhiteElo "1599"]
[BlackElo "2157"]
[PlyCount "126"]
[EventDate "2005.07.19"]
[EventType "swiss"]
[EventRounds "11"]
[EventCountry "FRA"]
[Source "lmi"]
[SourceDate "2005.07.31"]

1. e4 c5 2. Nf3 e6 3. d4 cxd4 4. Nxd4 a6 5. Be2 Qc7 6. Be3 Nf6 7. Bf3 Nc6 8.
Nxc6 bxc6 9. Nd2 d5 10. exd5 cxd5 11. Nb3 Bd6 12. g3 Bb7 13. O-O h5 14. Bg5 Nh7
15. Qd2 Nxg5 16. Qxg5 h4 17. Rfe1 hxg3 18. hxg3 Kf8 19. Rac1 Qb6 20. Qe3 Qxe3
21. Rxe3 a5 22. Rd3 Ba6 23. Rdd1 a4 24. Na1 Rc8 25. c3 Be5 26. Nc2 Bc4 27. Nb4
a3 28. b3 Bb5 29. Nc2 Bxc3 30. Nxa3 Ba6 31. Nb1 Be5 32. Rxc8+ Bxc8 33. Na3 Ke7
34. Nc2 Ba6 35. Nb4 Bb7 36. Rc1 Kd6 37. Nd3 Bd4 38. a4 e5 39. Ne1 e4 40. Be2 f5
41. Ng2 Rh3 42. Rd1 Ba7 43. Ne3 Bxe3 44. Kg2 Rh8 45. fxe3 Rc8 46. Rb1 Rc2 47.
Kf1 Rc3 48. Kf2 Ke5 49. a5 d4 50. exd4+ Kxd4 51. Rd1+ Kc5 52. Rb1 e3+ 53. Ke1
Kb4 54. a6 Be4 55. Rd1 Kxb3 56. Kf1 g5 57. Re1 f4 58. gxf4 gxf4 59. a7 Rc8 60.
Bd1+ Kc3 61. Ba4 Rh8 62. Bb5 Rh1+ 63. Ke2 f3+ 0-1

[Event "Mundial Juvenil 2005 s12"]
[Site "Belfort FRA"]
[Date "2005.07.19"]
[Round "1.11"]
[White "Enslin, Stefan"]
[Black "Ter Sahakyan, Samvel"]
[Result "0-1"]
[WhiteElo "1599"]
[BlackElo "2140"]
[PlyCount "116"]
[EventDate "2005.07.19"]
[EventType "swiss"]
[EventRounds "11"]
[EventCountry "FRA"]
[Source "lmi"]
[SourceDate "2005.07.31"]

1. d4 Nf6 2. Nf3 c5 3. c3 e6 4. e3 d5 5. Bd3 Bd6 6. Nbd2 O-O 7. O-O b6 8. e4
Be7 9. Qc2 Ba6 10. e5 Bxd3 11. Qxd3 Nfd7 12. b3 Nc6 13. Bb2 Rc8 14. Rac1 cxd4
15. cxd4 Qc7 16. Rfe1 Qb7 17. a3 b5 18. h3 a5 19. Nb1 a4 20. b4 Qa6 21. Nc3 Na7
22. Qe2 Nb6 23. Red1 Nc4 24. Ne1 Bg5 25. Rb1 Nxa3 26. Ra1 Nc4 27. Nd3 Be7 28.
Ra2 Rfd8 29. Rda1 Nc6 30. Nxa4 bxa4 31. Rxa4 Qb5 32. Bc3 Nb6 33. R4a2 Nxe5 34.
dxe5 Rxc3 35. Rd1 h6 36. Rb1 Qxd3 37. Qxd3 Rxd3 38. Ra7 Rd7 39. Rxd7 Nxd7 40.
b5 Rc3 41. f4 Bc5+ 42. Kh2 Be3 43. Rf1 Rb3 44. Rf3 d4 45. b6 Rxb6 46. h4 h5 47.
g3 Rb2+ 48. Kh3 Nc5 49. g4 hxg4+ 50. Kxg4 Ne4 51. Kh5 Kh7 52. Kg4 Kh6 53. h5 d3
54. Rxe3 d2 55. Rxe4 d1=Q+ 56. Kg3 Kxh5 57. f5 Qd3+ 58. Re3 Qxe3# 0-1

[Event "Mundial Juvenil 2005 s12"]
[Site "Belfort FRA"]
[Date "2005.07.19"]
[Round "1.12"]
[White "Arribas Lopez, Angel"]
[Black "Firat, Burak"]
[Result "0-1"]
[WhiteElo "2140"]
[BlackElo "1599"]
[PlyCount "78"]
[EventDate "2005.07.19"]
[EventType "swiss"]
[EventRounds "11"]
[EventCountry "FRA"]
[Source "lmi"]
[SourceDate "2005.07.31"]

1. e4 c5 2. Nf3 Nc6 3. d4 cxd4 4. Nxd4 Nf6 5. Nc3 e5 6. Ndb5 d6 7. Nd5 Nxd5 8.
exd5 Nb8 9. c4 Be7 10. Be2 a6 11. Nc3 O-O 12. Be3 f5 13. O-O f4 14. Bc1 Bf5 15.
Bd3 Nd7 16. Bxf5 Rxf5 17. Qd3 Rf6 18. Ne4 Rh6 19. b3 Qe8 20. Ba3 Qg6 21. f3 Rf8
22. Rf2 Rf5 23. Bxd6 Rfh5 24. Bxe7 Rxh2 25. Kf1 Rh1+ 26. Ke2 Rxa1 27. Qd2 Qb6
28. d6 Rhh1 29. Nc3 Rhe1+ 30. Kd3 Qd4+ 31. Kc2 Rac1+ 32. Kb2 Rxc3 33. Qxc3 Rb1+
34. Kxb1 Qxc3 35. Rc2 Qd3 36. Kb2 Nc5 37. Kc1 Qd4 38. b4 Nd3+ 39. Kd1 Nb2+ 0-1

[Event "Mundial Juvenil 2005 s12"]
[Site "Belfort FRA"]
[Date "2005.07.19"]
[Round "1.13"]
[White "Gretarsson, Hjorwar"]
[Black "Swiercz, Dariusz"]
[Result "0-1"]
[WhiteElo "1599"]
[BlackElo "2138"]
[PlyCount "56"]
[EventDate "2005.07.19"]
[EventType "swiss"]
[EventRounds "11"]
[EventCountry "FRA"]
[Source "lmi"]
[SourceDate "2005.07.31"]

1. Nf3 Nf6 2. c4 c6 3. Nc3 d5 4. cxd5 cxd5 5. d4 Nc6 6. e3 a6 7. Be2 Bf5 8. O-O
e6 9. Bd2 Bd6 10. Rc1 O-O 11. Na4 Ne4 12. Nc5 Qc7 13. b4 Bg4 14. h3 Bh5 15. a4
Qe7 16. b5 axb5 17. axb5 Bxf3 18. Nxe4 Bxe4 19. bxc6 bxc6 20. Rxc6 Ra2 21. Bc1
Qd7 22. Rb6 Rc8 23. Bb5 Qe7 24. Qb3 Rac2 25. Bb2 Qg5 26. g4 Qh4 27. Qxc2 Rxc2
28. Rxd6 Rxb2 0-1

[Event "Mundial Juvenil 2005 s12"]
[Site "Belfort FRA"]
[Date "2005.07.19"]
[Round "1.14"]
[White "Javakhadze, Zurab"]
[Black "Guevara-Perez, Jorge-Alejandro"]
[Result "1-0"]
[WhiteElo "2135"]
[BlackElo "1599"]
[PlyCount "113"]
[EventDate "2005.07.19"]
[EventType "swiss"]
[EventRounds "11"]
[EventCountry "FRA"]
[Source "lmi"]
[SourceDate "2005.07.31"]

1. e4 e5 2. Nf3 Nc6 3. Bb5 a6 4. Ba4 Nf6 5. d3 b5 6. Bb3 d6 7. Ng5 d5 8. exd5
Nxd5 9. Qf3 Be6 10. Nxe6 fxe6 11. O-O Qd7 12. Qh3 Bc5 13. Nc3 Rd8 14. Ne4 Be7
15. c3 O-O 16. Be3 Kh8 17. Rad1 Rf5 18. Bc2 g6 19. Ng3 Rf7 20. Ne4 Rdf8 21. Nc5
Bxc5 22. Bxc5 Nce7 23. Qg3 Rf5 24. d4 Nf4 25. Rfe1 Nh5 26. dxe5 Qc6 27. Qe3 Nd5
28. Rxd5 Qxd5 29. Bxf8 Rxf8 30. Bb3 Qc6 31. g3 Rf3 32. Qd4 Rf8 33. Bc2 Ng7 34.
Be4 Qe8 35. Rd1 Rf7 36. Qd8 Kg8 37. Qxe8+ Nxe8 38. Rd8 Kf8 39. Bc6 Re7 40. Ra8
Kf7 41. Rxa6 Ng7 42. Bxb5 Nf5 43. a4 h6 44. a5 c5 45. Rb6 Rc7 46. a6 Ke7 47.
Rb7 Kd8 48. a7 Rxb7 49. a8=Q+ Kc7 50. Qa5+ Kb8 51. Bc6 Ne7 52. Qd8+ Nc8 53.
Bxb7 Kxb7 54. Qd7+ Kb8 55. Qxe6 Kc7 56. Qxg6 Kd7 57. Qf7+ 1-0

[Event "Mundial Juvenil 2005 s12"]
[Site "Belfort FRA"]
[Date "2005.07.19"]
[Round "1.15"]
[White "Hanly, Stephen"]
[Black "Iermito, Sebastian"]
[Result "0-1"]
[WhiteElo "1599"]
[BlackElo "2134"]
[PlyCount "98"]
[EventDate "2005.07.19"]
[EventType "swiss"]
[EventRounds "11"]
[EventCountry "FRA"]
[Source "lmi"]
[SourceDate "2005.07.31"]

1. e4 e6 2. d4 d5 3. Nc3 Nf6 4. Bg5 Be7 5. e5 Nfd7 6. Bxe7 Qxe7 7. Nf3 a6 8.
Be2 c5 9. O-O Nc6 10. Re1 cxd4 11. Nxd4 Ndxe5 12. Nxc6 Nxc6 13. Bf3 O-O 14.
Nxd5 Qc5 15. Nc3 Rd8 16. Qc1 Nd4 17. Be4 f5 18. Bd3 b5 19. Ne2 Nc6 20. Qg5 Rf8
21. Ng3 h6 22. Qh5 Ra7 23. Ne4 Qd4 24. Nc3 Qf6 25. Rab1 Rd7 26. Qh3 Kh8 27. Qe3
e5 28. Qc5 Bb7 29. Nd5 Qf7 30. Ne3 e4 31. Be2 Kh7 32. Rbd1 Rxd1 33. Rxd1 f4 34.
Nd5 f3 35. gxf3 exf3 36. Bf1 Ne5 37. Ne3 Qf6 38. Rd6 Qg5+ 39. Kh1 Rf6 40. Rxf6
Qxf6 41. Qc7 Be4 42. Qc5 Qf4 43. Qd4 Nc6 44. Qb6 h5 45. Qc5 g6 46. Qb6 Kh6 47.
Qxa6 Qxe3 48. fxe3 f2+ 49. Bg2 f1=R# 0-1

[Event "Mundial Juvenil 2005 s12"]
[Site "Belfort FRA"]
[Date "2005.07.19"]
[Round "1.16"]
[White "Nyzhnyk, Illya"]
[Black "Hapuarachchi, Janitha Madushan"]
[Result "1-0"]
[WhiteElo "2131"]
[BlackElo "1599"]
[PlyCount "55"]
[EventDate "2005.07.19"]
[EventType "swiss"]
[EventRounds "11"]
[EventCountry "FRA"]
[Source "lmi"]
[SourceDate "2005.07.31"]

1. e4 e5 2. Nf3 Nc6 3. Bb5 a6 4. Bxc6 dxc6 5. O-O Bd6 6. d4 exd4 7. Qxd4 f6 8.
Be3 Qe7 9. Nbd2 Nh6 10. Bxh6 gxh6 11. Nc4 Bg4 12. e5 Bxf3 13. exd6 Rg8 14. Rfe1
Rxg2+ 15. Kf1 Rxh2 16. Rxe7+ Kd8 17. dxc7+ Kxe7 18. Qd6+ Kf7 19. Qxh2 Bg4 20.
Re1 h5 21. Qh4 Rf8 22. Nd6+ Kg6 23. f3 Bc8 24. Nxc8 Rxc8 25. Re6 Rf8 26. c8=R
Rf7 27. Rg8+ Rg7 28. Rxf6# 1-0

[Event "Mundial Juvenil 2005 s12"]
[Site "Belfort FRA"]
[Date "2005.07.19"]
[Round "1.17"]
[White "Hiltunen, Villa"]
[Black "Mohammad, Saeed Ishaq"]
[Result "0-1"]
[WhiteElo "1599"]
[BlackElo "2120"]
[PlyCount "64"]
[EventDate "2005.07.19"]
[EventType "swiss"]
[EventRounds "11"]
[EventCountry "FRA"]
[Source "lmi"]
[SourceDate "2005.07.31"]

1. e4 c6 2. Nc3 d5 3. exd5 cxd5 4. d4 Nf6 5. Bg5 Nc6 6. Nf3 Bg4 7. Be2 e6 8.
O-O Bxf3 9. Bxf3 Qb6 10. Ne2 Qxb2 11. Qb1 Ba3 12. Bc1 Qxb1 13. Rxb1 Bxc1 14.
Rfxc1 Rb8 15. c4 O-O 16. cxd5 exd5 17. Rd1 g5 18. h3 b6 19. Nc3 Rfd8 20. Rb2
Rbc8 21. Ne2 Na5 22. Rd3 Nc4 23. Rc2 Re8 24. Kf1 Ne3+ 25. Rxe3 Rxc2 26. Rxe8+
Nxe8 27. Bxd5 a5 28. Ke1 b5 29. Kd1 Rb2 30. Bb3 a4 31. Bd5 Nc7 32. Bc6 Kf8 0-1

[Event "Mundial Juvenil 2005 s12"]
[Site "Belfort FRA"]
[Date "2005.07.19"]
[Round "1.18"]
[White "Popilski, Gil"]
[Black "Jurevicius, Tomas"]
[Result "1/2-1/2"]
[WhiteElo "2120"]
[BlackElo "1599"]
[PlyCount "154"]
[EventDate "2005.07.19"]
[EventType "swiss"]
[EventRounds "11"]
[EventCountry "FRA"]
[Source "lmi"]
[SourceDate "2005.07.31"]

1. d4 Nf6 2. c4 b6 3. Nc3 Bb7 4. d5 e6 5. e4 Bb4 6. f3 Qe7 7. Nge2 exd5 8. cxd5
c6 9. dxc6 dxc6 10. a3 Bd6 11. Nd4 g6 12. Bg5 h6 13. Bh4 Nbd7 14. Qd2 Nc5 15.
b4 Ne6 16. Nxe6 Qxe6 17. Bc4 Qe7 18. Qc2 g5 19. Bf2 O-O-O 20. Ne2 Be5 21. Rc1
Kb8 22. O-O Qc7 23. Bg3 Bxg3 24. Nxg3 Qf4 25. Qc3 Nd7 26. Ne2 Qc7 27. Bxf7 Ne5
28. Bc4 b5 29. Bb3 Rd3 30. Qb2 Rhd8 31. h3 Rd2 32. Rc2 Nd3 33. Qc3 Qb6+ 34. Kh2
Qc7+ 35. Kg1 Qb6+ 36. Kh1 Nf2+ 37. Kh2 Qc7+ 38. Ng3 Nd1 39. Qc5 R2d3 40. Bd5
Ne3 41. Re1 Nxc2 42. Qxc2 Rd4 43. Qc3 Qe5 44. Rd1 Rxe4 45. Qc5 Rf4 46. Bxc6 Qc7
47. Rxd8+ Qxd8 48. Bxb7 Kxb7 49. Qxb5+ Qb6 50. Qd5+ Qc6 51. Qd3 Rf6 52. Ne4
Qc7+ 53. Kg1 Qc1+ 54. Kf2 Qb2+ 55. Ke3 Qc1+ 56. Ke2 Qb2+ 57. Kd1 Qa1+ 58. Kd2
Qb2+ 59. Ke3 Qc1+ 60. Ke2 Qb2+ 61. Qd2 Qxd2+ 62. Kxd2 Rg6 63. Kc3 Kc6 64. Kc4
Rg7 65. a4 Rd7 66. a5 Rd1 67. b5+ Kc7 68. Kc5 Rc1+ 69. Kd5 Rc2 70. g3 Rh2 71.
Kc5 Re2 72. Kd4 Rh2 73. Nc5 Rc2 74. Kd5 Rh2 75. f4 gxf4 76. gxf4 Rxh3 77. f5
Rf3 1/2-1/2

[Event "Mundial Juvenil 2005 s12"]
[Site "Belfort FRA"]
[Date "2005.07.19"]
[Round "1.20"]
[White "Petenyi, Tamas"]
[Black "Kavikeshawa, Pasan Bimsara"]
[Result "1-0"]
[WhiteElo "2056"]
[BlackElo "1599"]
[PlyCount "33"]
[EventDate "2005.07.19"]
[EventType "swiss"]
[EventRounds "11"]
[EventCountry "FRA"]
[Source "lmi"]
[SourceDate "2005.07.31"]

1. e4 e6 2. d4 d5 3. Nc3 Nf6 4. e5 Nfd7 5. f4 c5 6. Nf3 Nc6 7. Be3 Qb6 8. Na4
Qa5+ 9. c3 cxd4 10. b4 Qc7 11. Nxd4 a6 12. Bd3 Be7 13. O-O f6 14. Nxe6 Qb8 15.
Qh5+ g6 16. Bxg6+ hxg6 17. Qxg6# 1-0

[Event "Mundial Juvenil 2005 s12"]
[Site "Belfort FRA"]
[Date "2005.07.20"]
[Round "2.2"]
[White "Dionisi, Thomas"]
[Black "Sjugirov, Sanan"]
[Result "0-1"]
[WhiteElo "1989"]
[BlackElo "2358"]
[PlyCount "74"]
[EventDate "2005.07.19"]
[EventType "swiss"]
[EventRounds "11"]
[EventCountry "FRA"]
[Source "lmi"]
[SourceDate "2005.07.31"]

1. e4 c5 2. Nf3 d6 3. d4 cxd4 4. Nxd4 Nf6 5. Nc3 a6 6. Be2 g6 7. O-O Bg7 8. Bg5
O-O 9. a4 Nc6 10. Nb3 Be6 11. Qd2 Rc8 12. Rfe1 Ne5 13. Rad1 Bc4 14. Nd4 Bxe2
15. Qxe2 Nc4 16. b3 Nb2 17. Rb1 Rxc3 18. Rxb2 Rc5 19. Bd2 Re5 20. f3 d5 21. Bf4
Rh5 22. Rd1 e5 23. g4 exd4 24. gxh5 Nxh5 25. Bc1 Re8 26. Qd3 dxe4 27. fxe4 Qh4
28. c4 dxc3 29. Re2 Nf4 30. Bxf4 Qxf4 31. Qg3 Qf6 32. e5 Qb6+ 33. Qf2 Qxb3 34.
Rf1 Rxe5 35. Rxe5 Bxe5 36. Qc5 Qe6 37. Qb4 Qd5 0-1

[Event "Mundial Juvenil 2005 s12"]
[Site "Belfort FRA"]
[Date "2005.07.20"]
[Round "2.3"]
[White "Belous, Vladimir"]
[Black "Christer, Jon Aplin"]
[Result "0-1"]
[WhiteElo "2218"]
[BlackElo "1947"]
[PlyCount "102"]
[EventDate "2005.07.19"]
[EventType "swiss"]
[EventRounds "11"]
[EventCountry "FRA"]
[Source "lmi"]
[SourceDate "2005.07.31"]

1. c4 c5 2. Nc3 Nf6 3. g3 d5 4. cxd5 Nxd5 5. Bg2 Nxc3 6. bxc3 g6 7. Rb1 Qc7 8.
h4 Bg7 9. h5 O-O 10. hxg6 hxg6 11. Qa4 Nd7 12. Qh4 Nf6 13. d3 Qe5 14. Bd2 Bg4
15. Nf3 Qe6 16. Bh3 Qxa2 17. Rd1 Bxf3 18. exf3 Qd5 19. Ke2 Qe5+ 20. Kf1 Rfd8
21. Kg2 Rxd3 22. Bf4 Qxc3 23. Rde1 Rxf3 24. Be5 Qb3 25. Bg4 Rd3 26. Bxf6 Qd5+
27. Kf1 Bxf6 28. Qh7+ Kf8 29. Rh6 Rd2 30. Kg1 Qd4 31. Rh2 Rd8 32. Qh6+ Bg7 33.
Qh4 Qf6 34. Qh3 a5 35. Qf1 a4 36. Rh4 a3 37. Be6 Rxf2 38. Qxf2 Qxf2+ 39. Kxf2
fxe6 40. Ra4 Bb2 41. Rh1 Rd4 42. Ra7 Kf7 43. Ke3 Rd7 44. Ra8 c4 45. Kf4 Rd4+
46. Kg5 e5 47. Ra5 Bc3 48. Rh7+ Kg8 49. Rxa3 Bd2+ 50. Kxg6 Rd6+ 51. Kf5 Kxh7
0-1

[Event "Mundial Juvenil 2005 s12"]
[Site "Belfort FRA"]
[Date "2005.07.20"]
[Round "2.4"]
[White "Chan, Yi-Ren Daniel"]
[Black "Sethuraman, S.p"]
[Result "0-1"]
[WhiteElo "1988"]
[BlackElo "2203"]
[PlyCount "124"]
[EventDate "2005.07.19"]
[EventType "swiss"]
[EventRounds "11"]
[EventCountry "FRA"]
[Source "lmi"]
[SourceDate "2005.07.31"]

1. e4 e5 2. Nf3 Nc6 3. Bb5 a6 4. Ba4 Nf6 5. Qe2 Be7 6. c3 b5 7. Bb3 O-O 8. d4
d6 9. h3 Re8 10. d5 Na5 11. Bc2 Bb7 12. O-O c6 13. dxc6 Bxc6 14. Rd1 Qc7 15.
Nbd2 Qb7 16. Re1 Rac8 17. Nf1 Bf8 18. Ng3 g6 19. Bg5 Bg7 20. Red1 Rcd8 21. Nd2
h6 22. Bxf6 Bxf6 23. b4 Nc4 24. Nxc4 bxc4 25. Qxc4 d5 26. Qe2 d4 27. cxd4 exd4
28. a3 h5 29. Qf3 Kg7 30. Bd3 Bg5 31. Nf1 Ba4 32. Rdb1 Rc8 33. Qg3 Bh6 34. Qd6
Red8 35. Qe5+ Kg8 36. Qa5 Bb5 37. Rd1 Re8 38. a4 Bxd3 39. Rxd3 Rxe4 40. Rad1
Bg7 41. b5 Re6 42. Nd2 Rb6 43. Rb3 axb5 44. axb5 Rc5 45. Rdb1 Qc7 46. Re1 Rc3
47. Qa4 Qd7 48. Rbb1 Rc5 49. Rbc1 Rcxb5 50. Qa8+ Rb8 51. Qf3 Rb2 52. Rcd1 Qd8
53. Kh1 Qd7 54. Kg1 Rc2 55. Ne4 Qc6 56. Qf4 Rbb2 57. Kh1 f5 58. Nd2 Qc7 59. Qg5
Qf7 60. Qf4 d3 61. h4 Bc3 62. Ra1 Rxd2 0-1

[Event "Mundial Juvenil 2005 s12"]
[Site "Belfort FRA"]
[Date "2005.07.20"]
[Round "2.6"]
[White "So, Wesley"]
[Black "Meribanov, Vitaly"]
[Result "1-0"]
[WhiteElo "2165"]
[BlackElo "1880"]
[PlyCount "65"]
[EventDate "2005.07.19"]
[EventType "swiss"]
[EventRounds "11"]
[EventCountry "FRA"]
[Source "lmi"]
[SourceDate "2005.07.31"]

1. e4 c5 2. Nf3 Nc6 3. d4 cxd4 4. Nxd4 g6 5. c4 Nf6 6. Nc3 d6 7. Bg5 Bg7 8. Nc2
O-O 9. Be2 Be6 10. O-O Rc8 11. Ne3 Na5 12. Qa4 h6 13. Bh4 g5 14. Bg3 Nd7 15.
Rac1 Nc5 16. Qc2 Nc6 17. Ned5 Nd4 18. Qd2 a6 19. f4 Nxe2+ 20. Qxe2 gxf4 21. Bh4
Re8 22. Nxf4 Qb6 23. Ncd5 Bxd5 24. Nxd5 Qxb2 25. Qg4 Qd4+ 26. Kh1 Ne6 27. Bxe7
Qd2 28. Rcd1 Qc2 29. Nf6+ Kh8 30. Qf5 Bxf6 31. Qxf6+ Kg8 32. Qxf7+ Kh8 33. Bf6+
1-0

[Event "Mundial Juvenil 2005 s12"]
[Site "Belfort FRA"]
[Date "2005.07.20"]
[Round "2.7"]
[White "Zsipi, Alex Mark"]
[Black "Hou, Yifan"]
[Result "0-1"]
[WhiteElo "1886"]
[BlackElo "2158"]
[PlyCount "104"]
[EventDate "2005.07.19"]
[EventType "swiss"]
[EventRounds "11"]
[EventCountry "FRA"]
[Source "lmi"]
[SourceDate "2005.07.31"]

1. e4 c5 2. Nf3 d6 3. d4 cxd4 4. Nxd4 Nf6 5. Nc3 Nc6 6. Be3 e5 7. Nb3 Be6 8. f3
Be7 9. Qd2 d5 10. exd5 Nxd5 11. Nxd5 Qxd5 12. Qxd5 Bxd5 13. Bb5 O-O 14. c3 a6
15. Bxc6 bxc6 16. Nc5 Rfd8 17. O-O a5 18. b3 f6 19. c4 Bf7 20. Rad1 Bg6 21.
Rxd8+ Rxd8 22. Nb7 Rd3 23. Bc5 Bxc5+ 24. Nxc5 Rd2 25. Rf2 Rd4 26. Nb7 a4 27.
Na5 axb3 28. axb3 Rd6 29. c5 Rd1+ 30. Rf1 Rxf1+ 31. Kxf1 Bd3+ 32. Kf2 Bb5 33.
Nb7 Kf8 34. Nd6 Ba6 35. g3 Ke7 36. Ke3 g6 37. f4 Ke6 38. Ke4 f5+ 39. Ke3 Kd5
40. b4 e4 41. Nf7 Kc4 42. Ne5+ Kxb4 43. Nxc6+ Kxc5 44. Nd8 Bc4 45. Nb7+ Kd5 46.
Nd8 Kd6 47. Nb7+ Kc6 48. Na5+ Kd5 49. Nb7 Ba2 50. Nd8 Kd6 51. Nb7+ Kc6 52. Na5+
Kb6 0-1

[Event "Mundial Juvenil 2005 s12"]
[Site "Belfort FRA"]
[Date "2005.07.20"]
[Round "2.8"]
[White "Mihok, Oliver"]
[Black "Antolin Concha, Diego"]
[Result "1-0"]
[WhiteElo "2157"]
[BlackElo "1599"]
[PlyCount "121"]
[EventDate "2005.07.19"]
[EventType "swiss"]
[EventRounds "11"]
[EventCountry "FRA"]
[Source "lmi"]
[SourceDate "2005.07.31"]

1. e4 e5 2. Nf3 Nc6 3. d4 exd4 4. Nxd4 Bc5 5. Be3 Qf6 6. Nb5 Bxe3 7. fxe3 Qd8
8. Qg4 Kf8 9. Qf4 d6 10. N1c3 a6 11. Nd4 Ne5 12. Be2 Ne7 13. O-O N7g6 14. Qf2
f6 15. Nd5 Kf7 16. Nf5 Re8 17. h4 Kg8 18. h5 Bxf5 19. exf5 Ne7 20. Nc3 Qd7 21.
h6 gxh6 22. Ne4 Rf8 23. Rad1 Qe8 24. Qh4 Kg7 25. Ng3 Ng8 26. Nh5+ Kh8 27. Bf3
Rb8 28. Bd5 Qe7 29. e4 Nf7 30. Nf4 Ng5 31. Ne6 Nxe6 32. Bxe6 Qg7 33. Rd3 Qg5
34. Qh3 Rbe8 35. Rg3 Qd2 36. Rf2 Qe1+ 37. Kh2 Qxf2 38. Qg4 Qxg3+ 39. Qxg3 Re7
40. Qb3 b6 41. Qc4 a5 42. a4 Rg7 43. Kh3 Re7 44. g4 Rg7 45. Qc3 Re7 46. Kg3 Rg7
47. Kf3 Re7 48. Qe3 Kg7 49. Qd2 Rfe8 50. Qd4 Rf8 51. c3 Rd8 52. Qd5 Ree8 53.
Qc6 Re7 54. b4 Kf8 55. Qd5 Kg7 56. bxa5 Ree8 57. axb6 cxb6 58. Qb7+ Ne7 59.
Qxb6 d5 60. exd5 Nxd5 61. Bxd5 1-0

[Event "Mundial Juvenil 2005 s12"]
[Site "Belfort FRA"]
[Date "2005.07.20"]
[Round "2.9"]
[White "Rajesh, V A V."]
[Black "Atabayev, Yusup"]
[Result "1-0"]
[WhiteElo "2157"]
[BlackElo "1599"]
[PlyCount "170"]
[EventDate "2005.07.19"]
[EventType "swiss"]
[EventRounds "11"]
[EventCountry "FRA"]
[Source "lmi"]
[SourceDate "2005.07.31"]

1. e3 Nf6 2. g3 e5 3. Bg2 d5 4. Ne2 Bd6 5. d4 e4 6. c4 c6 7. Qb3 Qb6 8. Qc2 Qd8
9. Nbc3 O-O 10. O-O Be6 11. Bd2 a5 12. Rac1 Re8 13. cxd5 cxd5 14. Nb5 Nc6 15.
Nxd6 Qxd6 16. Qc5 Qxc5 17. Rxc5 Nd7 18. Rb5 b6 19. Nf4 Na7 20. Rb3 Rac8 21. f3
Rc2 22. Rf2 a4 23. Rc3 Rxc3 24. bxc3 exf3 25. Bxf3 Nf6 26. c4 Rd8 27. c5 bxc5
28. dxc5 Rc8 29. Bb4 g5 30. Nxe6 fxe6 31. Bg2 Nd7 32. Bh3 Re8 33. Rc2 Nc6 34.
a3 Kf7 35. Bf1 Rb8 36. Bc3 Rb3 37. Bb2 Ncb8 38. Bc1 Nc6 39. Rf2+ Ke8 40. Rc2 h6
41. Kg2 Kd8 42. Kf2 Kc7 43. Bh3 Nd8 44. Bb2 Kc6 45. e4 dxe4 46. Bg2 Kd5 47.
Rd2+ Kxc5 48. Bxe4 Nb8 49. Bd4+ Kc4 50. Be3 Ndc6 51. Rd6 Ne5 52. h3 Rxa3 53.
Rxe6 Nd3+ 54. Bxd3+ Rxd3 55. Rxh6 a3 56. Bxg5 a2 57. Bf6 Rd6 58. Rh4+ Kb3 59.
Ba1 Nc6 60. Rh7 Rd1 61. Bf6 Rc1 62. Rb7+ Nb4 63. h4 Rc2+ 64. Kf3 Rc6 65. Bg7
Ka3 66. h5 Nc2 67. h6 Rxh6 68. Bxh6 a1=Q 69. Ra7+ Kb4 70. Rxa1 Nxa1 71. Ke4 Kc5
72. Bf4 Kc6 73. Kf5 Kd7 74. Kf6 Ke8 75. Bh6 Nb3 76. g4 Nd4 77. g5 Nc6 78. g6
Ne7 79. g7 Kd7 80. Bf4 Ke8 81. Bd6 Ng8+ 82. Kg6 Kd7 83. Bf4 Ke6 84. Bg5 Ne7+
85. Bxe7 Kxe7 1-0

[Event "Mundial Juvenil 2005 s12"]
[Site "Belfort FRA"]
[Date "2005.07.20"]
[Round "2.10"]
[White "Ter Sahakyan, Samvel"]
[Black "Capponi, Axel"]
[Result "1-0"]
[WhiteElo "2140"]
[BlackElo "1599"]
[PlyCount "65"]
[EventDate "2005.07.19"]
[EventType "swiss"]
[EventRounds "11"]
[EventCountry "FRA"]
[Source "lmi"]
[SourceDate "2005.07.31"]

1. e4 c5 2. Nf3 Nc6 3. d4 cxd4 4. Nxd4 g6 5. Nc3 Bg7 6. Be3 Nf6 7. Bc4 Qa5 8.
O-O O-O 9. Bb3 d6 10. h3 Bd7 11. f4 Nxd4 12. Bxd4 Bc6 13. Qd3 Rad8 14. f5 d5
15. e5 Ne4 16. f6 exf6 17. exf6 Bh6 18. Rae1 Bd2 19. Rxe4 Bxc3 20. Rh4 Bxd4+
21. Rxd4 Rfe8 22. c3 Qc5 23. Qd2 Re6 24. Kh1 Qd6 25. Qf2 Qe5 26. Rf4 b6 27. Qh4
h5 28. Bc2 Kh7 29. Rf5 gxf5 30. Rxf5 Qe1+ 31. Rf1+ Qe4 32. Bxe4+ dxe4 33. Qxh5+
1-0

[Event "Mundial Juvenil 2005 s12"]
[Site "Belfort FRA"]
[Date "2005.07.20"]
[Round "2.11"]
[White "Swiercz, Dariusz"]
[Black "Chen, Gengyu"]
[Result "1-0"]
[WhiteElo "2138"]
[BlackElo "1599"]
[PlyCount "130"]
[EventDate "2005.07.19"]
[EventType "swiss"]
[EventRounds "11"]
[EventCountry "FRA"]
[Source "lmi"]
[SourceDate "2005.07.31"]

1. e4 c5 2. Nf3 Nc6 3. d4 cxd4 4. Nxd4 Nf6 5. Nc3 e5 6. Ndb5 d6 7. Be3 a6 8.
Na3 b5 9. Nd5 Rb8 10. Nxf6+ Qxf6 11. c4 b4 12. Nc2 Be7 13. Qd5 Bb7 14. Qd2 a5
15. b3 Qg6 16. f3 h6 17. Rd1 O-O 18. h4 Kh8 19. Bd3 Bc8 20. h5 Qh7 21. Ke2 Bd8
22. Qc1 Be6 23. g4 f6 24. Rh2 Qg8 25. Bxh6 Bb6 26. Bd2 Qh7 27. Rdh1 Kg8 28. Qe1
Kf7 29. g5 fxg5 30. Bxg5 Ke8 31. Qg3 Kd7 32. h6 g6 33. Rf1 Bd8 34. Rg1 Bxg5 35.
Qxg5 Rg8 36. Rh4 Rbf8 37. Rg3 Kc7 38. Rg1 Bd7 39. Rf1 Rh8 40. Rg1 Rhg8 41. f4
exf4 42. Rxf4 Rxf4 43. Qxf4 g5 44. Qh2 Ne5 45. c5 Bg4+ 46. Rxg4 Nxg4 47. Qxd6+
Kb7 48. Qb6+ Ka8 49. Qxa5+ Qa7 50. h7 Rf8 51. Qxa7+ Kxa7 52. Nxb4 Rf2+ 53. Ke1
Rh2 54. Nd5 Rxh7 55. b4 Rh1+ 56. Kd2 Rh2+ 57. Kc3 Rxa2 58. Kd4 Nf2 59. Bc4 Ra1
60. e5 Re1 61. Ne3 g4 62. e6 g3 63. e7 g2 64. e8=Q g1=Q 65. Qd7+ Kb8 1-0

[Event "Mundial Juvenil 2005 s12"]
[Site "Belfort FRA"]
[Date "2005.07.20"]
[Round "2.12"]
[White "Geronimi, Pierre-Francois"]
[Black "Javakhadze, Zurab"]
[Result "0-1"]
[WhiteElo "1843"]
[BlackElo "2135"]
[PlyCount "94"]
[EventDate "2005.07.19"]
[EventType "swiss"]
[EventRounds "11"]
[EventCountry "FRA"]
[Source "lmi"]
[SourceDate "2005.07.31"]

1. e4 c5 2. Nf3 d6 3. d4 cxd4 4. Nxd4 Nf6 5. Nc3 g6 6. Be2 Bg7 7. Be3 O-O 8.
O-O Nc6 9. Qd2 Ng4 10. Bxg4 Bxg4 11. f4 Bd7 12. Rae1 Rc8 13. Nxc6 bxc6 14. Bd4
Bxd4+ 15. Qxd4 Qb6 16. Qxb6 axb6 17. Rd1 b5 18. a3 Rfd8 19. f5 f6 20. Ne2 Rb8
21. c3 g5 22. Rf3 c5 23. b4 Bc6 24. Re3 Kf7 25. Ng3 Ra8 26. Red3 c4 27. Re3
Rxa3 28. Ne2 Rda8 29. Kf2 Ra2 30. Kg3 Rb2 31. Nd4 Bd7 32. Rde1 Ra3 33. Kf3 Rd2
34. R1e2 Rd1 35. Nc2 Ra2 36. Nd4 Raa1 37. Nc2 Rac1 38. Re1 Rxe1 39. Nxe1 h5 40.
h3 d5 41. g4 hxg4+ 42. hxg4 dxe4+ 43. Kxe4 Rd1 44. Kf3 Rd2 45. Re2 Bc6+ 46. Ke3
Rd1 47. Nf3 Rd3+ 0-1

[Event "Mundial Juvenil 2005 s12"]
[Site "Belfort FRA"]
[Date "2005.07.20"]
[Round "2.13"]
[White "Iermito, Sebastian"]
[Black "El-Houcheimi, Ismael"]
[Result "1-0"]
[WhiteElo "2134"]
[BlackElo "1599"]
[PlyCount "55"]
[EventDate "2005.07.19"]
[EventType "swiss"]
[EventRounds "11"]
[EventCountry "FRA"]
[Source "lmi"]
[SourceDate "2005.07.31"]

1. e4 c5 2. Nf3 Nc6 3. d4 cxd4 4. Nxd4 d6 5. c4 g6 6. Be3 Bg7 7. Nc3 e5 8. Ndb5
Bf8 9. Nd5 h5 10. Nbc7+ Kd7 11. Nxa8 b6 12. Nac7 Nge7 13. Nb5 f5 14. Bg5 a6 15.
Nbc3 Na7 16. Qa4+ Nac6 17. Rd1 Bb7 18. Bxe7 Bxe7 19. Nxe7 Qxe7 20. Nd5 Qd8 21.
Qb3 fxe4 22. Qh3+ Ke8 23. Qe6+ Ne7 24. Nxe7 Qxe7 25. Rxd6 Qxe6 26. Rxe6+ Kd7
27. Rxb6 Kc7 28. Rxg6 1-0